[Event "Online Olym Disabilities"]
[Site "Tornelo INT"]
[Date "2020.11.27"]
[Round "7.15"]
[White "Nguyen, Van Quan"]
[Black "Olivera Gutierrez, Albert"]
[Result "1-0"]
[WhiteElo "1783"]
[BlackElo "2097"]
[PlyCount "51"]
[EventDate "2020.11.21"]
[EventType "team-swiss (rapid)"]
[EventRounds "7"]
[EventCountry "NET"]
[SourceTitle "CBM 199 Extra"]
[Source "ChessBase"]
[SourceDate "2021.01.31"]
[SourceVersion "1"]
[SourceVersionDate "2021.01.31"]
[SourceQuality "1"]
[WhiteTeam "Vietnam"]
[BlackTeam "Spain"]
[WhiteTeamCountry "VIE"]
[BlackTeamCountry "ESP"]

1. d4 Nf6 2. Nf3 g6 3. c4 Bg7 4. Nc3 d6 5. e4 0-0 6. Be2 Na6 7. h3 e5 8. Be3 exd4 9. Nxd4 Nc5 10. Qc2 Re8 11. Bf3 a5 12. Rd1 Qe7 13. Ndb5 Ncxe4 14. Nxe4 Nxe4 15. Bxe4 Qxe4 16. Qxe4 Rxe4 17. Nxc7 Rb8 18. 0-0 Rxc4 19. Ba7 Rxc7 20. Bxb8 Rc6 21. Rxd6 Rxd6 22. Bxd6 Bxb2 23. Rb1 Bf6 24. Rb5 a4 25. Ra5 Bd7 26. Ra8+ 1-0

[Event "Online Olym Disabilities"]
[Site "Tornelo INT"]
[Date "2020.11.21"]
[Round "1.16"]
[White "Nguyen, Van Quan"]
[Black "Soltanov, Serik"]
[Result "1/2-1/2"]
[WhiteElo "1783"]
[BlackElo "2266"]
[PlyCount "52"]
[EventDate "2020.11.21"]
[EventType "team-swiss (rapid)"]
[EventRounds "7"]
[EventCountry "NET"]
[SourceTitle "CBM 199 Extra"]
[Source "ChessBase"]
[SourceDate "2021.01.31"]
[SourceVersion "1"]
[SourceVersionDate "2021.01.31"]
[SourceQuality "1"]
[WhiteTeam "Vietnam"]
[BlackTeam "Kazakhstan"]
[WhiteTeamCountry "VIE"]
[BlackTeamCountry "KAZ"]

1. d4 d5 2. Nf3 Nf6 3. c4 e6 4. Nc3 Be7 5. Bf4 0-0 6. e3 c6 7. c5 Nbd7 8. Bd3 Nh5 9. 0-0 Nxf4 10. exf4 f5 11. Re1 Nf6 12. Ne5 Ne4 13. Ne2 Bd7 14. f3 Nf6 15. Ng3 Re8 16. Qe2 Bf8 17. b4 Qc7 18. Qc2 b6 19. Ne2 bxc5 20. bxc5 Qa5 21. Reb1 Rab8 22. Qc3 Qa4 23. Bc2 Qa6 24. Bd3 Qa4 25. Bc2 Qa6 26. Bd3 Qa4 1/2-1/2

[Event "VIE-chT"]
[Site "Ho Chi Minh City"]
[Date "2019.09.30"]
[Round "7.28"]
[White "Nguyen, Van Quan"]
[Black "Lam, Duc Hai Nam"]
[Result "0-1"]
[WhiteElo "1783"]
[BlackElo "1396"]
[PlyCount "66"]
[EventDate "2019.09.26"]
[EventType "team-swiss"]
[EventRounds "9"]
[EventCountry "VIE"]
[SourceTitle "EXT 2020"]
[Source "ChessBase"]
[SourceDate "2019.10.17"]
[SourceVersion "1"]
[SourceVersionDate "2019.10.17"]
[SourceQuality "1"]

1. d4 Nf6 2. c4 e6 3. Nf3 b6 4. e3 Bb7 5. Bd3 c5 6. 0-0 d6 7. Nc3 Be7 8. Re1 0-0 9. dxc5 dxc5 10. e4 Nc6 11. e5 Nd7 12. Qe2 Nd4 13. Nxd4 cxd4 14. Na4 Bc6 15. Qh5 g6 16. Qd1 Qc7 17. Be4 Bxa4 18. Qxa4 Rac8 19. Bh6 Rfd8 20. Bf4 Nc5 21. Qd1 Nxe4 22. Rxe4 Qxc4 23. Rc1 Qd5 24. Rxc8 Qxe4 25. Rxd8+ Bxd8 26. Be3 d3 27. Qc1 Qxe5 28. Qc6 Bg5 29. Qc8+ Kg7 30. Qc1 Bxe3 31. fxe3 Qc5 32. Qxc5 bxc5 33. Kf1 f5 0-1

[Event "VIE-chT"]
[Site "Ho Chi Minh City"]
[Date "2019.09.27"]
[Round "2.28"]
[White "Pham, Thanh Binh"]
[Black "Nguyen, Van Quan"]
[Result "0-1"]
[WhiteElo "1912"]
[BlackElo "1783"]
[PlyCount "100"]
[EventDate "2019.09.26"]
[EventType "team-swiss"]
[EventRounds "9"]
[EventCountry "VIE"]
[SourceTitle "EXT 2020"]
[Source "ChessBase"]
[SourceDate "2019.10.17"]
[SourceVersion "1"]
[SourceVersionDate "2019.10.17"]
[SourceQuality "1"]

1. e4 c5 2. Nf3 Nc6 3. Bc4 g6 4. Ng5 Ne5 5. Bb3 c4 6. d4 cxb3 7. dxe5 bxc2 8. Qxc2 Bg7 9. Qc4 e6 10. Nf3 h6 11. 0-0 Ne7 12. Nc3 0-0 13. Rd1 a6 14. a4 Rb8 15. h3 b6 16. b3 Nc6 17. Bf4 g5 18. Bg3 Na5 19. Qb4 Re8 20. Rab1 b5 21. Qd4 Nc6 22. Qd2 bxa4 23. bxa4 Rxb1 24. Rxb1 Qa5 25. Rc1 Nxe5 26. Nxe5 Bxe5 27. Bxe5 Qxe5 28. Qe3 Bb7 29. Rb1 Bc6 30. f3 d5 31. Qe1 d4 32. Na2 Bxa4 33. Qd2 Rc8 34. Rc1 Rxc1+ 35. Nxc1 Qc5 36. Kf2 Qc2 37. Qxc2 Bxc2 38. Ke2 e5 39. Kd2 Ba4 40. Nd3 f6 41. Nc5 Bb5 42. g3 Kf7 43. g4 Ke7 44. Nb3 Kd6 45. Na5 Kc7 46. Nb3 Kb6 47. Nc1 Bc4 48. Kc2 Bb5 49. Nd3 Bxd3+ 50. Kxd3 Kb5 0-1